000 00619nam a2200241Ia 4500
003 OSt
005 20221005100102.0
006 a|||||r|||| 00| 0
007 ta
008 221004b |||||||| |||| 00| 0 mar d
024 _a40320
037 _cTextual
040 _aCRL
_cCRL
_bmar
041 _2mar
_amar
082 _aO155,2MBE,1, G3
100 _aVedakar
_9620676
245 0 _aSangeet Brahmkumari
260 _aPune
_bIndia
_c1944
300 _a124p.
_ccm.
650 _aMARATHI LITERATURE
_938000
942 _hO155,2MBE,1, G3
_cTEXL
_2cc
999 _c1004621
_d1004621